Vysoká škola Měsičník pro otázky práce vysokých škol

Gespeichert in:
Bibliographische Detailangaben
Format: Schriftenreihe
Sprache:Tschechisch
Veröffentlicht: Praha Stát. ped. nakl.
Tags: Tag hinzufügen
Keine Tags, Fügen Sie das erste Tag hinzu!

MARC

LEADER 00000nas1a22000001 4500
001 s120467
005 20041019155345.9
041 0 |a cze 
044 |a CZ 
245 1 0 |a Vysoká škola  |b Měsičník pro otázky práce vysokých škol 
264 1 |a Praha  |b Stát. ped. nakl.